Competency based in logbook in community medicine (Record no. 8574)
[ view plain ]
| 000 -LEADER | |
|---|---|
| fixed length control field | 00391nam a22001457a 4500 |
| 020 ## - INTERNATIONAL STANDARD BOOK NUMBER | |
| ISBN | 9789354667596 |
| 050 ## - CALL NUMBER | |
| Classification number | RA425 |
| Item number | .L15 |
| 100 ## - AUTHOR | |
| Personal name | Lal, sander |
| 245 ## - TITLE | |
| Title | Competency based in logbook in community medicine |
| Statement of responsibility, etc | sander Lal |
| 260 ## - PUBLICATION INFORMATION | |
| Place of publication | New Delhi |
| Name of publisher | CBS Pub. |
| Year of publication | 2024 |
| 300 ## - DESCRIPTION | |
| Number of Pages | 119p.: |
| Other physical details | ill. |
| Dimensions | 28cm. |
| 650 ## - SUBJECTS | |
| Topical Term | logbook in community medicine |
| 942 ## - ADDED ENTRY ELEMENTS (KOHA) | |
| Koha item type | Books |
| Withdrawn status | Lost status | Collection code | Home library | Current library | Shelving location | Date acquired | Source of acquisition | Full call number | Accession Number | Koha item type |
|---|---|---|---|---|---|---|---|---|---|---|
| Reference | Methodist University Library Main | Methodist University Library Main | General Stacks | 01/04/2026 | Affordable pages | RA425 .L15 | 9362 | Books | ||
| Reference | Methodist University Library Main | Methodist University Library Main | General Stacks | 23/03/2026 | Affordable pages | RA425 .L15 | 9361 | Books |